书目信息 |
| 题名: |
工程薄壳稳定性
|
|
| 作者: | 王博 , 郝鹏 , 田阔 著 | |
| 分册: | 分析卷 | |
| 出版信息: | 北京 科学出版社 2023.10 |
|
| 页数: | 275页 | |
| 开本: | 25cm | |
| 丛书名: | ||
| 单 册: | ||
| 中图分类: | TU330.1 , TU48 | |
| 科图分类: | ||
| 主题词: | 薄壳结构--bao ke jie gou--结构稳定性 , 壳体基础--ke ti ji chu | |
| 电子资源: | ||
| ISBN: | 978-7-03-076503-1 | |
| 000 | 01799nam 2200337 450 | |
| 001 | 90730 | |
| 005 | 20250816093150.83 | |
| 010 | @a978-7-03-076503-1@b精装@dCNY188.00 | |
| 099 | @aCAL 012024101272 | |
| 100 | @a20240926d2023 em y0chiy50 ea | |
| 101 | 0 | @achi |
| 102 | @aCN@b110000 | |
| 105 | @aak a 000yy | |
| 106 | @ar | |
| 200 | 1 | @a工程薄壳稳定性@Agong cheng bao ke wen ding xing@i分析卷@d= Stability of engineering thin shells@iAnalysis@f王博, 郝鹏, 田阔著@zeng |
| 210 | @a北京@c科学出版社@d2023.10 | |
| 215 | @a275页@c图 (部分彩图)@d25cm | |
| 314 | @a王博, 教授, 博士生导师, 国家杰出青年科学基金获得者, “结构强度与轻量化设计”国防科技创新团队负责人。担任工业装备结构分析优化与CAE软件全国重点实验室副主任、教育部科技委数理学部委员、中国力学学会理事、中国力学学会青年工作委员会副主任委员、中国力学学会固体力学专业委员会委员、中国航空学会数字李生分会副主任委员、中国宇航学会飞行器总体专委会委员等。 | |
| 320 | @a有书目 | |
| 330 | @a本书从工程薄壳高效线性屈曲/后屈曲分析方法、缺陷数据库、含缺陷工程薄壳承载力评估方法、高精度稳定性实验等方面, 介绍了国内外研究现状以及团队代表性研究成果。薄壳是工程领域的关键承载部件, 对其开展轻量化设计是高端装备研制的永恒主题。随着尺寸大型化、构型复杂化、承载重型化的发展趋势, 薄壳结构模型规模、变量数目及非线性程度均大幅提升, 导致其结构设计同时面临模型、分析与优化三重复杂度挑战, 被认为是最复杂的结构优化难题之一。 | |
| 510 | 1 | @aStability of engineering thin shells@hVolume Ⅰ@iAnalysis@zeng |
| 517 | 1 | @a分析卷@Afen xi juan |
| 606 | 0 | @a薄壳结构@Abao ke jie gou@x结构稳定性 |
| 606 | 0 | @a壳体基础@Ake ti ji chu |
| 690 | @aTU330.1@v5 | |
| 690 | @aTU48@v5 | |
| 701 | 0 | @a王博@Awang bo@4著 |
| 701 | 0 | @a郝鹏@Ahao peng@4著 |
| 701 | 0 | @a田阔@Atian kuo@4著 |
| 801 | 0 | @aCN@c20250909 |
| 905 | @a河南城建学院图书馆@dTU330.1@eW116@f1 | |
| 工程薄壳稳定性.分析卷= Stability of engineering thin shells.Analysis/王博, 郝鹏, 田阔著.-北京:科学出版社,2023.10 |
| 275页:图 (部分彩图);25cm |
| ISBN 978-7-03-076503-1(精装):CNY188.00 |
| 本书从工程薄壳高效线性屈曲/后屈曲分析方法、缺陷数据库、含缺陷工程薄壳承载力评估方法、高精度稳定性实验等方面, 介绍了国内外研究现状以及团队代表性研究成果。薄壳是工程领域的关键承载部件, 对其开展轻量化设计是高端装备研制的永恒主题。随着尺寸大型化、构型复杂化、承载重型化的发展趋势, 薄壳结构模型规模、变量数目及非线性程度均大幅提升, 导致其结构设计同时面临模型、分析与优化三重复杂度挑战, 被认为是最复杂的结构优化难题之一。 |
| ● |
| 相关链接 |
|
|
|
正题名:工程薄壳稳定性
索取号:TU330.1/W116
 
预约/预借
| 序号 | 登录号 | 条形码 | 馆藏地/架位号 | 状态 | 备注 |
| 1 | 1624692 | 216246925 | 建筑库101/101建筑库 81排4列4层/ [索取号:TU330.1/W116] | 在馆 |